Růžomberok celkový pohľad

Zobrazenie: Pohľad zhora na mesto v pozadí okolité kopce

Bibliographic Details
Format: Postcard
Language:Czech
PhysicalDescription:1 pohľadnica kolorovaná 9 x 14 cm
Published: Praha II F. Zuna [1920?]
Subjects:

MARC

LEADER 00000 km a2200000 a 4500
001 vtls011885829
003 SK-MaSNL
005 20260512125403.0
007 kp co
008 240703q1920 xr g 0k|cze
015 |a SNBG1920 
035 |a urn:nbn:sk:snk-km00eak6 
035 |a urn:nbn:sk:snk-km43gm1 
035 |a DF163161-2210-4BB6-960F-46B74B2045E9 
040 |a SNK  |b slo  |c SNK  |e AACR2 
041 0 |a cze 
043 |a e-xo--- 
044 |a xr  |c CZ 
072 7 |a 913  |x Regionálna geografia  |2 konspekt 
080 |a 913(437.6)  |2 2011 
080 |a (084.121)  |2 2011 
245 0 0 |a Růžomberok  |h grafika  |b celkový pohľad 
260 |a Praha II  |b F. Zuna  |c [1920?] 
300 |a 1 pohľadnica  |b kolorovaná  |c 9 x 14 cm 
500 |a Názvové údaje prevzaté z obrazovej strany pohľadnice 
500 |a Na adresnej strane pohľadnice je uvedené: No. 3038 
520 8 |a Zobrazenie: Pohľad zhora na mesto v pozadí okolité kopce 
651 7 |a Ružomberok (Slovensko)  |2 SNKPHgeo  |9 24370 
655 7 |a miestne pohľadnice  |2 SNKPH  |9 70510 
852 |a Slovenská národná knižnica 
958 |a EUIPO 
958 |a GC 
958 |a OND 
958 |a GBN 
999 |c 1033913  |d 1035843 
952 |a SNK  |b SNK  |y PREZ  |7 0  |p 17A1213897  |o snkSP 20709  |z Pohľadnica prešla poštou.  |0 0  |1 0  |4 0  |d 2019-09-09  |f 1  |l 0  |r 2026-02-24 14:02:00  |w 2026-02-24